000 00525nam a2200205 i 4500
001 C2-0285810
003 PPAK
005 20180729000726.0
008 080113s2005 my |||| ||||| | eng d
040 _aPPAK
_beng
_cPPAK
_erda
245 1 0 _aLove and treason
264 1 _aKuala Lumpur :
_bBerjaya HVN ,
_c2005
336 _2rdacontent
_atext
337 _2rdamedia
_aunmediated
338 _2rdacarrier
_avolume
500 _aVCD 2679/07
700 _eauthor
700 1 _aTeague, Lewis,
_ecompile
942 _2ddc
_cVCD
999 _c165590
_d165590